000 00497nam a22001337a 4500
999 _c8637
_d8637
008 180214b xxu||||| |||| 00| 0 eng d
082 _aDPer 050 Dec 2015-Mar 2016 T48 v186-187
100 _926483
_aZacharek, Stephanie.
245 _aActor suffer for a director's art in grim the revenant/
_cStephanie Zacharek.
260 _aNew York :
_bTime Inc.,
_c©Dec 2015-Mar 2016.
300 _av187 n1, page 41:
_billustration;
_c27 cm.
650 0 _926484
_aMotion pictures
_xActors.
942 _2ddc
_cPER